Landmarks by Silhouettes - Map Quiz - Statistics

General Stats
  • This quiz has been taken 1,169 times
  • The average score is 13 of 15
Answers on the Map
Answers color-coded by a green-red scale on the quiz's map according to % correct below.
 
Answer Stats
Answer % Correct
Eiffel Tower
97%
Mount Rushmore
96%
Sydney Opera House
96%
Colosseum
95%
Golden Gate Bridge
95%
Taj Mahal
93%
Tower Bridge
92%
Burj Khalifa
89%
Machu Picchu
87%
Petronas Twin Towers
87%
Walt Disney World
87%
Acropolis
84%
St. Basil's Cathedral
82%
Chichen Itza
72%
Sagrada Familia
70%
No matching quizzes found
Score Distribution
Percent of People with Each Score
Percentile by Number Answered
Your Score History
You have not taken this quiz